[Event "GER-ch U18 Girls"]
[Site "Winterberg"]
[Date "2002.05.24"]
[Round "8"]
[White "Diebig, Maja"]
[Black "Busse, Nadine"]
[Result "0-1"]
[WhiteElo "1627"]
[BlackElo "1597"]
[PlyCount "76"]
[EventDate "2002.05.19"]
[EventType "swiss"]
[EventRounds "8"]
[EventCountry "GER"]
[SourceTitle "CBM 088 Extra"]
[Source "ChessBase"]
[SourceDate "2002.07.01"]
[SourceVersion "2"]
[SourceVersionDate "2002.07.01"]
[SourceQuality "1"]

1. d4 d5 2. c4 e6 3. Nc3 Nf6 4. cxd5 exd5 5. Bg5 Nbd7 6. e3 c6 7. Bd3 Be7 8. Nf3 0-0 9. Qc2 Re8 10. 0-0 Nf8 11. Bxf6 Bxf6 12. h3 g6 13. b4 a6 14. a4 Ne6 15. Rfc1 Ng7 16. b5 axb5 17. axb5 Rxa1 18. Rxa1 Bf5 19. bxc6 Bxd3 20. Qxd3 bxc6 21. Ra6 Qd7 22. Na4 Ne6 23. Qc3 Rc8 24. Nd2 c5 25. Nb6 Qb7 26. Qa3 Nc7 27. Nd7 Qxa6 28. Qxa6 Nxa6 29. Nxf6+ Kg7 30. Nxd5 cxd4 31. exd4 Rd8 32. Ne3 Rxd4 33. Nf3 Ra4 34. Kh2 Nc5 35. Ne5 Ra2 36. f3 Re2 37. N5c4 Nd3 38. Kg3 f5 0-1

[Event "GER-ch U18 Girls"]
[Site "Winterberg"]
[Date "2002.05.23"]
[Round "7"]
[White "Busse, Nadine"]
[Black "Schroeder, Juliane"]
[Result "1-0"]
[WhiteElo "1597"]
[BlackElo "1488"]
[PlyCount "79"]
[EventDate "2002.05.19"]
[EventType "swiss"]
[EventRounds "8"]
[EventCountry "GER"]
[SourceTitle "CBM 088 Extra"]
[Source "ChessBase"]
[SourceDate "2002.07.01"]
[SourceVersion "2"]
[SourceVersionDate "2002.07.01"]
[SourceQuality "1"]

1. e4 e6 2. d4 d5 3. e5 c5 4. c3 Nc6 5. Nf3 Qb6 6. Be2 Bd7 7. 0-0 cxd4 8. cxd4 Nge7 9. Na3 Nf5 10. Nc2 Nb4 11. Nxb4 Bxb4 12. a3 Be7 13. b4 0-0 14. Bd3 Bb5 15. Bb2 Rac8 16. Bxb5 Qxb5 17. Qd2 Rc4 18. Rac1 Rfc8 19. Qd3 a6 20. Rxc4 Rxc4 21. Qd2 Qc6 22. Rc1 Rxc1+ 23. Qxc1 Qxc1+ 24. Bxc1 f6 25. g4 Nh6 26. Bxh6 gxh6 27. Kf1 Kf7 28. Ke2 a5 29. bxa5 Bxa3 30. Nd2 fxe5 31. dxe5 Bb2 32. f4 Kg6 33. Nb3 h5 34. h3 hxg4 35. hxg4 h5 36. gxh5+ Kxh5 37. Nc5 Kg4 38. Nxe6 Kf5 39. Nc5 Kxf4 40. e6 1-0

[Event "GER-ch U18 Girls"]
[Site "Winterberg"]
[Date "2002.05.21"]
[Round "6"]
[White "Busse, Nadine"]
[Black "Hauck, Kerstin Elisabeth"]
[Result "0-1"]
[WhiteElo "1597"]
[BlackElo "1614"]
[PlyCount "54"]
[EventDate "2002.05.19"]
[EventType "swiss"]
[EventRounds "8"]
[EventCountry "GER"]
[SourceTitle "CBM 088 Extra"]
[Source "ChessBase"]
[SourceDate "2002.07.01"]
[SourceVersion "2"]
[SourceVersionDate "2002.07.01"]
[SourceQuality "1"]

1. e4 c5 2. Nf3 d6 3. d4 cxd4 4. Nxd4 Nf6 5. Nc3 Nc6 6. Be3 Ng4 7. Bc1 Qb6 8. Bb5 Bd7 9. Bxc6 bxc6 10. 0-0 g6 11. h3 Ne5 12. b3 Bg7 13. Bb2 0-0 14. f4 Nc4 15. Na4 Nxb2 16. Nxb6 Nxd1 17. Nxc6 Bxc6 18. Nxa8 Bxa1 19. Rxd1 Bxa8 20. Rxa1 Bxe4 21. c4 Rb8 22. Re1 f5 23. Kf2 a5 24. g4 a4 25. Re3 Kf7 26. Kg3 axb3 27. axb3 Bc2 0-1

[Event "GER-ch U18 Girls"]
[Site "Winterberg"]
[Date "2002.05.20"]
[Round "3"]
[White "Busse, Nadine"]
[Black "Bloss, Steffi"]
[Result "1/2-1/2"]
[WhiteElo "1597"]
[BlackElo "1635"]
[PlyCount "43"]
[EventDate "2002.05.19"]
[EventType "swiss"]
[EventRounds "8"]
[EventCountry "GER"]
[SourceTitle "CBM 088 Extra"]
[Source "ChessBase"]
[SourceDate "2002.07.01"]
[SourceVersion "2"]
[SourceVersionDate "2002.07.01"]
[SourceQuality "1"]

1. e4 c5 2. Nf3 Nc6 3. d4 cxd4 4. Nxd4 Nf6 5. Nc3 e5 6. Ndb5 d6 7. Bg5 a6 8. Na3 b5 9. Bxf6 gxf6 10. Nd5 f5 11. exf5 Bxf5 12. c3 Bg7 13. Nc2 Ne7 14. Nce3 Bg6 15. g3 Ra7 16. Bg2 0-0 17. 0-0 Kh8 18. h4 f5 19. h5 Be8 20. f4 Nxd5 21. Nxd5 Bc6 22. Kh2 1/2-1/2

[Event "GER-ch U18 Girls"]
[Site "Winterberg"]
[Date "2002.05.19"]
[Round "2"]
[White "Schuler, Dorothea"]
[Black "Busse, Nadine"]
[Result "1-0"]
[WhiteElo "1856"]
[BlackElo "1597"]
[PlyCount "61"]
[EventDate "2002.05.19"]
[EventType "swiss"]
[EventRounds "8"]
[EventCountry "GER"]
[SourceTitle "CBM 088 Extra"]
[Source "ChessBase"]
[SourceDate "2002.07.01"]
[SourceVersion "2"]
[SourceVersionDate "2002.07.01"]
[SourceQuality "1"]

1. d4 d5 2. Nc3 Nf6 3. Bg5 Nbd7 4. f3 c6 5. e4 dxe4 6. fxe4 g6 7. Nf3 Bg7 8. Bc4 b5 9. Bd3 a6 10. 0-0 0-0 11. Qe1 Re8 12. e5 Nd5 13. e6 Nb8 14. exf7+ Kxf7 15. Qh4 Kg8 16. Rae1 Nf6 17. Ne5 Nh5 18. Ne2 Bxe5 19. dxe5 Ng7 20. Bh6 Nf5 21. Bxf5 Bxf5 22. Rxf5 Qa5 23. Ref1 Nd7 24. Rf7 Qa4 25. Qf2 Qc4 26. b3 Qd5 27. Rg7+ Kh8 28. Nc3 Qe6 29. Qf7 Nf8 30. Rxh7+ Nxh7 31. Qg7# 1-0

[Event "GER-chT U14 Girls"]
[Site "Greifswald"]
[Date "2001.12.27"]
[Round "2.1"]
[White "Busse, Nadine"]
[Black "Kueter, Julia"]
[Result "1-0"]
[WhiteElo "1456"]
[BlackElo "966"]
[PlyCount "55"]
[EventDate "2001.12.27"]
[EventType "team-swiss"]
[EventRounds "7"]
[EventCountry "GER"]
[SourceTitle "EXT 2003"]
[Source "ChessBase"]
[SourceDate "2002.11.25"]
[SourceVersion "1"]
[SourceVersionDate "2002.11.25"]
[SourceQuality "1"]
[WhiteTeam "Ruedersdorf Glueckauf U14 Girls"]
[BlackTeam "Hemer U14 Girls"]
[WhiteTeamCountry "GER"]
[BlackTeamCountry "GER"]

1. e4 e5 2. Nf3 Nc6 3. Bc4 Nf6 4. d3 h6 5. Be3 d6 6. c3 Bg4 7. b4 Qd7 8. Nbd2 d5 9. exd5 Nxd5 10. Qb3 Be6 11. Ne4 a6 12. 0-0 b5 13. Bxd5 Bxd5 14. Qc2 Bd6 15. a4 Ne7 16. axb5 Qxb5 17. c4 Qxb4 18. Rfb1 Qb8 19. Rxb8+ Rxb8 20. cxd5 Nxd5 21. Qc6+ Ke7 22. Qxd5 Rb5 23. Qc4 Bb4 24. Rb1 Rhb8 25. Nxe5 f6 26. Nc6+ Kd7 27. Nxb8+ Rxb8 28. Rxb4 1-0